How the urban renaissance got lost (Record no. 66070)
[ view plain ]
| 000 -LEADER | |
|---|---|
| fixed length control field | 00954cam a2200217 4500 |
| 001 - CONTROL NUMBER | |
| control field | ABS63469 |
| 008 - FIXED-LENGTH DATA ELEMENTS--GENERAL INFORMATION | |
| fixed length control field | 000000n2001 000 0 eng u |
| 035 ## - SYSTEM CONTROL NUMBER | |
| System control number | (Sirsi) u110824 |
| 100 ## - MAIN ENTRY--PERSONAL NAME | |
| Personal name | Baldock, H. |
| 245 ## - TITLE STATEMENT | |
| Title | How the urban renaissance got lost |
| 260 ## - PUBLICATION, DISTRIBUTION, ETC. | |
| Date of publication, distribution, etc. | 2001 |
| 490 ## - SERIES STATEMENT | |
| Series statement | Building |
| Volume/sequential designation | 266(8167) 2 February 2001, 38-43(6) |
| 520 ## - SUMMARY, ETC. | |
| Summary, etc. | A special feature considering the failure of the millennium village at Allerton Bywater in West Yorkshire where local residents successfully opposed plans by English Partnerships and the developer. Two years after the launch of the project a new scheme is to be presented to planners with greater emphasis on new benefits and amenities for the existing community. |
| 590 ## - LOCAL NOTE (RLIN) | |
| Local note | ABS |
| 650 ## - SUBJECT ADDED ENTRY--TOPICAL TERM | |
| Topical term or geographic name entry element | ALLERTON BYWATER |
| 650 ## - SUBJECT ADDED ENTRY--TOPICAL TERM | |
| Topical term or geographic name entry element | MILLENNIUM VILLAGE |
| 650 ## - SUBJECT ADDED ENTRY--TOPICAL TERM | |
| Topical term or geographic name entry element | URBAN REGENERATION |
| 650 ## - SUBJECT ADDED ENTRY--TOPICAL TERM | |
| Topical term or geographic name entry element | URBAN RENAISSANCE |
| 690 ## - LOCAL SUBJECT ADDED ENTRY--TOPICAL TERM (OCLC, RLIN) | |
| Topical term or geographic name as entry element | ENVIRONMENTAL AND LAND CONSULTANCY-PLANNING AND DEVELOPMENT |
| 942 ## - ADDED ENTRY ELEMENTS (KOHA) | |
| Suppress in OPAC | 0 |
| Withdrawn status | Lost status | Source of classification or shelving scheme | Damaged status | Not for loan | Home library | Current library | Shelving location | Date acquired | Total Checkouts | Full call number | Barcode | Date last seen | Copy number | Price effective from | Koha item type |
|---|---|---|---|---|---|---|---|---|---|---|---|---|---|---|---|
| Dewey Decimal Classification | London | London | Books | 07/02/2001 | ABS63469 | 110824-1001 | 06/08/2019 | 1 | 06/08/2019 | Book |